000 00516nam a2200181 a 4500
001 1769511817039
003 YourLibrary
005 20260127164609.0
008 260127s2002##################000#0#eng##
020 _a9781843760191
082 0 4 _a331.10151
_bCRE.2
100 1 _aCreedy, John,
_eauthor.
245 1 0 _aNonlinear Models, Labour Markets, and Exchange :
260 _bEdward Elgar Publishing,
_c2002.
650 0 _aDemand (Economic theory).
942 _cENGLISH
040 _aYourLibrary
_beng
_cYourLibrary
999 _c609249
_d609249